000 00330nam a2200145Ia 4500
008 160105s9999 xx 000 0 und d
110 _aOffice national des statistiques
245 _aL'Algérie en quelques chiffres
260 _aAlger
260 _bONS
260 _c2002
942 _c09
994 _a123505
999 _c22759
_d50757